[Event "NED-ch U13"]
[Site "Rijswijk"]
[Date "2007.05.19"]
[Round "9"]
[White "Vastenhout, Raimond"]
[Black "Doornenbal, Ruben"]
[Result "1/2-1/2"]
[WhiteElo "1341"]
[BlackElo "1514"]
[PlyCount "44"]
[EventDate "2007.05.17"]
[EventType "swiss"]
[EventRounds "9"]
[EventCountry "NED"]
[SourceTitle "EXT 2009"]
[Source "ChessBase"]
[SourceDate "2008.11.26"]
[SourceVersion "1"]
[SourceVersionDate "2008.11.26"]
[SourceQuality "1"]

1. e4 e5 2. Nf3 Nc6 3. d4 exd4 4. Nxd4 Qh4 5. Nc3 Bb4 6. Nxc6 Qxe4+ 7. Qe2 Qxe2+ 8. Bxe2 Bxc3+ 9. bxc3 bxc6 10. Rb1 Ne7 11. Bf4 d6 12. Bf3 Bf5 13. Rb7 Kd7 14. Kd2 Be6 15. Kd3 Nd5 16. Be3 Nb6 17. Rb1 Rhb8 18. Rxb8 Rxb8 19. h3 Bf5+ 20. Be4 Bxe4+ 21. Kxe4 d5+ 22. Kf5 Re8 1/2-1/2